Dear Malala, we stand with you / (Record no. 285362)
[ view plain ]
| 000 -LEADER | |
|---|---|
| fixed length control field | 02759cam a2200637 i 4500 |
| 001 - CONTROL NUMBER | |
| control field | ocn895388072 |
| 003 - CONTROL NUMBER IDENTIFIER | |
| control field | OCoLC |
| 005 - DATE AND TIME OF LATEST TRANSACTION | |
| control field | 20200320193153.0 |
| 008 - FIXED-LENGTH DATA ELEMENTS--GENERAL INFORMATION | |
| fixed length control field | 141103r20152014nyua j 000 0beng |
| 010 ## - LIBRARY OF CONGRESS CONTROL NUMBER | |
| LC control number | 2014028480 |
| 019 ## - | |
| -- | 892975124 |
| 020 ## - INTERNATIONAL STANDARD BOOK NUMBER | |
| International Standard Book Number | 9780553521207 (hardback) |
| 020 ## - INTERNATIONAL STANDARD BOOK NUMBER | |
| International Standard Book Number | 0553521209 (hardback) |
| 020 ## - INTERNATIONAL STANDARD BOOK NUMBER | |
| International Standard Book Number | 9780553521214 (glb) |
| 020 ## - INTERNATIONAL STANDARD BOOK NUMBER | |
| International Standard Book Number | 0553521217 (glb) |
| 020 ## - INTERNATIONAL STANDARD BOOK NUMBER | |
| Cancelled/invalid ISBN | 9780553521221 (ebook) |
| 020 ## - INTERNATIONAL STANDARD BOOK NUMBER | |
| Terms of availability | 16.99 |
| 035 ## - SYSTEM CONTROL NUMBER | |
| System control number | (OCoLC)895388072 |
| Canceled/invalid control number | (OCoLC)892975124 |
| 040 ## - CATALOGING SOURCE | |
| Original cataloging agency | DLC |
| Description conventions | rda |
| Language of cataloging | eng |
| Transcribing agency | DLC |
| Modifying agency | IG# |
| -- | OCLCO |
| -- | OCO |
| -- | WACOL |
| 043 ## - GEOGRAPHIC AREA CODE | |
| Geographic area code | a-pk--- |
| 049 ## - LOCAL HOLDINGS (OCLC) | |
| Holding library | WACL |
| 050 00 - LIBRARY OF CONGRESS CALL NUMBER | |
| Classification number | LC2330 |
| Item number | .M38 2015 |
| 082 00 - DEWEY DECIMAL CLASSIFICATION NUMBER | |
| Classification number | 371.822095491 |
| Edition number | 23 |
| 084 ## - OTHER CLASSIFICATION NUMBER | |
| Classification number | JNF023000 |
| -- | JNF007110 |
| -- | JNF050000 |
| Source of number | bisacsh |
| 092 ## - LOCALLY ASSIGNED DEWEY CALL NUMBER (OCLC) | |
| Classification number | E |
| Item number | McC |
| 100 1# - MAIN ENTRY--PERSONAL NAME | |
| Personal name | McCarney, Rosemary A. |
| 9 (RLIN) | 5893909 |
| 245 10 - TITLE STATEMENT | |
| Title | Dear Malala, we stand with you / |
| Statement of responsibility, etc | Rosemary McCarney with Plan International. |
| 250 ## - EDITION STATEMENT | |
| Edition statement | First Crown Edition. |
| 264 #1 - Production, Publication, Distribution, Manufacture, and Copyright Notice. | |
| Place of production, publication, distribution, manufacture | New York : |
| Name of producer, publisher, distributor, manufacturer | Crown Books for Young Readers, |
| Date of production, publication, distribution, manufacture, or copyr | 2015. |
| 300 ## - PHYSICAL DESCRIPTION | |
| Extent | 1 volume (unpaged) : |
| Other physical details | color illustrations ; |
| Dimensions | 23 x 29 cm |
| 336 ## - Content Type | |
| Content type term | text |
| 336 ## - Content Type | |
| Content type term | still image |
| 337 ## - Media type | |
| Media type term | unmediated |
| 338 ## - Carrier type | |
| Carrier type term | volume |
| 500 ## - GENERAL NOTE | |
| General note | Originally published in hardcover in Canada as Every day is Malala Day in 2014. |
| 520 ## - SUMMARY, ETC. | |
| Summary, etc | "An inspiring letter to two-time Nobel Peace Prize nominee Malala Yousafzai, that is both a show of support and a call to action for girls around the world"-- |
| -- | Provided by publisher. |
| 600 10 - SUBJECT ADDED ENTRY--PERSONAL NAME | |
| Personal name | Yousafzai, Malala, |
| Dates associated with a name | 1997- |
| Form subdivision | Juvenile literature. |
| 9 (RLIN) | 5696244 |
| 650 #0 - SUBJECT ADDED ENTRY--TOPICAL TERM | |
| Topical term or geographic name as entry element | Girls |
| General subdivision | Education |
| Geographic subdivision | Pakistan |
| Form subdivision | Juvenile literature. |
| 9 (RLIN) | 5732099 |
| 650 #0 - SUBJECT ADDED ENTRY--TOPICAL TERM | |
| Topical term or geographic name as entry element | Girls |
| General subdivision | Violence against |
| Geographic subdivision | Pakistan |
| Form subdivision | Juvenile literature. |
| 9 (RLIN) | 5732100 |
| 650 #0 - SUBJECT ADDED ENTRY--TOPICAL TERM | |
| Topical term or geographic name as entry element | Women social reformers |
| Geographic subdivision | Pakistan |
| Form subdivision | Biography |
| -- | Juvenile literature. |
| 9 (RLIN) | 5732101 |
| 650 #0 - SUBJECT ADDED ENTRY--TOPICAL TERM | |
| Topical term or geographic name as entry element | Political activists |
| Geographic subdivision | Pakistan |
| Form subdivision | Biography |
| -- | Juvenile literature. |
| 9 (RLIN) | 5893910 |
| 651 #0 - SUBJECT ADDED ENTRY--GEOGRAPHIC NAME | |
| Geographic name | Pakistan |
| General subdivision | Social conditions |
| Form subdivision | Juvenile literature. |
| 9 (RLIN) | 5732104 |
| 600 11 - SUBJECT ADDED ENTRY--PERSONAL NAME | |
| Personal name | Yousafzai, Malala, |
| Dates associated with a name | 1997- |
| 9 (RLIN) | 5696243 |
| 650 #1 - SUBJECT ADDED ENTRY--TOPICAL TERM | |
| Topical term or geographic name as entry element | Girls |
| General subdivision | Education |
| Geographic subdivision | Pakistan. |
| 9 (RLIN) | 5732102 |
| 651 #1 - SUBJECT ADDED ENTRY--GEOGRAPHIC NAME | |
| Geographic name | Pakistan |
| General subdivision | Social conditions. |
| 9 (RLIN) | 5732105 |
| 650 #7 - SUBJECT ADDED ENTRY--TOPICAL TERM | |
| Topical term or geographic name as entry element | JUVENILE NONFICTION / Girls & Women. |
| Source of heading or term | bisacsh |
| 9 (RLIN) | 5704592 |
| 650 #7 - SUBJECT ADDED ENTRY--TOPICAL TERM | |
| Topical term or geographic name as entry element | JUVENILE NONFICTION / Biography & Autobiography / Social Activists. |
| Source of heading or term | bisacsh |
| 9 (RLIN) | 5732176 |
| 650 #7 - SUBJECT ADDED ENTRY--TOPICAL TERM | |
| Topical term or geographic name as entry element | JUVENILE NONFICTION / School & Education. |
| Source of heading or term | bisacsh |
| 9 (RLIN) | 5813506 |
| 700 1# - ADDED ENTRY--PERSONAL NAME | |
| Personal name | McCarney, Rosemary A. |
| Title of a work | Every day is Malala Day. |
| 9 (RLIN) | 5893911 |
| 856 42 - ELECTRONIC LOCATION AND ACCESS | |
| Materials specified | Cover image |
| Uniform Resource Identifier | <a href="9780553521207.jpg">9780553521207.jpg</a> |
| 938 ## - | |
| -- | Ingram |
| -- | INGR |
| -- | 9780553521207 |
| 942 ## - ADDED ENTRY ELEMENTS (KOHA) | |
| Koha item type | BOOK |
| 948 ## - LOCAL PROCESSING INFORMATION (OCLC); SERIES PART DESIGNATOR (RLIN) | |
| Series part designator, SPT (RLIN) | 12/19/2014 |
| z (OCLC) | Sirsi |
| 994 ## - | |
| -- | 02 |
| -- | WACOL |
| 996 ## - | |
| -- | 114502 |
| -- | 34301001402140 |
| -- | E |
| -- | bk |
| -- | wcl |
| -- | i |
| -- | 13 |
| -- | 16.99 |
| -- | micro |
| -- | McC |
| -- | 12/31/2014 |
| -- | 02/20/2020 |
| -- | 02/13/2020 |
| Withdrawn status | Lost status | Source of classification or shelving scheme | Damaged status | Not for loan | Collection code | Home library | Current library | Shelving location | Date acquired | Cost, normal purchase price | Total Checkouts | Total Renewals | Full call number | Barcode | Date last seen | Date checked out | Cost, replacement price | Price effective from | Koha item type |
|---|---|---|---|---|---|---|---|---|---|---|---|---|---|---|---|---|---|---|---|
| Dewey Decimal Classification | Children NonFiction | Wasatch County Library | Wasatch County Library | Main Floor Childrens Area | 12/31/2014 | 16.99 | 15 | 4 | E Biography You | 34301001402140 | 03/14/2025 | 06/29/2023 | 16.99 | 03/20/2020 | BOOK |
